Documentos de trabajo de sociología aplicada

Detalles Bibliográficos
Formato: Electrónico Revista
Lenguaje:español
Publicado: Murcia, Spain : Servicio de Publicaciones, Universidad de Murcia
Materias:
Acceso en línea:Full text available from PRISMA Database with HAPI Index: 01/01/2014 to 01/31/2015
Full text available from Research Library: 01/01/2014 to 01/31/2015

MARC

LEADER 00000nas a2200000 i 4500
001 ssj0001507031
003 WaSeSS
005 20200512172242.0
006 m d
007 cr n
008 150505c20uu9999sp fr p|s|||||| |0spa d
022 |a 2255-2138  |l 2255-2138 
035 |a (WaSeSS)ssj0001507031 
040 |a WaSeSS  |b eng  |c WaSeSS  |d WaSeSS 
050 4 |a HN29.5 
210 1 |a Documentos trabajo sociol. apl. 
222 0 |a Documentos de trabajo de sociología aplicada 
245 0 0 |a Documentos de trabajo de sociología aplicada  |h [electronic resource]. 
260 |a Murcia, Spain :  |b Servicio de Publicaciones, Universidad de Murcia 
310 |a Semiannual 
506 |a License restrictions may limit access. 
588 |a Description based on: 3 (2014); title from title screen (ProQuest, viewed May 5, 2015). 
588 |a Latest issue consulted: 4 (2014) (viewed May 5, 2015). 
650 0 |a Applied sociology  |v Periodicals. 
655 0 |a Electronic journals. 
856 4 0 |z Full text available from PRISMA Database with HAPI Index: 01/01/2014 to 01/31/2015  |u https://search.proquest.com/publication/2036009 
856 4 0 |z Full text available from Research Library: 01/01/2014 to 01/31/2015  |u https://search.proquest.com/publication/2035787